| 000 | 02238nam0a2200337 4500 | ||
|---|---|---|---|
| 001 | RU\NLR\BIBL_A\011758501 | ||
| 005 | 20181026151829.0 | ||
| 010 | _a978-5-00081-181-8 | ||
| 021 |
_aRU _bКН-П-18-047816 _9КН-П-18-3453 |
||
| 035 | _a(NLR Aleph) 011758501 | ||
| 035 | _a(RuMoRGB)009675570 | ||
| 090 |
_a11664870 _c11664870 |
||
| 100 | _a20180725d2017 k y0rusy50 ca | ||
| 101 | 0 | _arus | |
| 102 | _aRU | ||
| 105 | _aa|||z|||000zy | ||
| 200 | 1 |
_aСеверо-Осетинский заповедник _eприглашение к отдыху и познанию _e[путеводитель] _fН. А. Комарова _gМинистерство природных ресурсов и экологии Российской Федерации, Федеральная служба по надзору в сфере природопользования, Федеральное государственное бюджетное учреждение "Северо-Осетинский государственный природный заповедник" |
|
| 210 |
_aАлагир _aВладикавказ _cФГБУ "Северо-Осетинский государственный природный заповедник" _cЦопанова А.Ю. _d2017 |
||
| 215 |
_a65 с. _cил. _d20 |
||
| 320 | _aБиблиогр.: с. 61-62 (19 назв.) | ||
| 601 | 0 | 2 |
_aСеверо-Осетинский государственный природный заповедник _92381665 _3RU\NLR\AUTH\6601641849 |
| 606 | 1 |
_aЭкологические тропы _jПутеводители _yАлагирский район (Северная Осетия) _92383964 _3RU\NLR\AUTH\6601642968 |
|
| 686 | 1 | _aБ12(2)Северо-Осетинский | |
| 686 | 1 | _aЧ518.113.9экол. тропы4(2Р-6С)я23 | |
| 700 | 1 |
_aКомарова _bН. А. _cканд. геогр. наук _gНадежда Андреевна _9194885 _3RU\NLR\AUTH\770194936 |
|
| 942 | _cBOOK | ||
| 980 | _aNBR | ||
| 980 | _aNB | ||